| 000 | 00595cam a2200217 i 4500 | ||
|---|---|---|---|
| 001 | 4630215 | ||
| 005 | 20180215071650.0 | ||
| 008 | 790711s1979 iaua b 001 0 eng | ||
| 010 | _a 78061702 | ||
| 020 | _a0697071634 | ||
| 040 |
_aDLC _cDLC _dDLC |
||
| 041 | _aeng | ||
| 080 | _a612.76 NOR | ||
| 082 | 0 | 0 | _a612.76 NOR |
| 100 | 1 | _a8 | |
| 101 | _aEKF | ||
| 245 | 1 | 0 |
_aIntroduction to biomechanic analysis of sport / _cJohn W. Northrip, Gene A. Logan, Wayne C. McKinney. |
| 504 | _aBibliography: p. 303-306. | ||
| 906 |
_a7 _bcbc _corignew _d2 _eopcn _f19 _gy-gencatlg |
||
| 942 |
_2ddc _cBK |
||
| 999 |
_c42661 _d42661 |
||